Statistics for U.S. Presidents Who Served in the Senate

Click here to take the quiz!

General Stats

  • This quiz has been taken 41 times
  • The average score is 14 of 17

Answer Stats

Years ServedAnswer% Correct
2005–2008Barack Obama
100%
1973–2009Joe Biden
100%
1953–1960John F. Kennedy
97%
1935–1945Harry Truman
94%
1949–1961Lyndon B. Johnson
94%
1950–1953Richard Nixon
91%
1790–1794James Monroe
89%
1803–1808John Quincy Adams
86%
1915–1921Warren G. Harding
86%
1881–1887Benjamin Harrison
80%
1797–1798, 1823–1825Andrew Jackson
77%
1857–1862, 1875Andrew Johnson
77%
1821–1828Martin Van Buren
77%
1825–1828William Henry Harrison
77%
1827–1836John Tyler
74%
1834–1845James Buchanan
71%
1837–1842Franklin Pierce
69%

Score Distribution

Percentile by Number Answered

Percent of People with Each Score

Your Score History

You have not taken this quiz